Anales: XV jornada: El Ministerio Petrino. XVI Jornada: El bicentenario
Saved in:
| Format: | Bog |
|---|---|
| Sprog: | spansk |
| Udgivet: |
Santiago
Sociedad Chilena de Teología
2005
|
| Udgivelse: | 1a. ed |
| Serier: | Anales, 5
|
| Fag: | |
| Tags: |
Tilføj Tag
Ingen Tags, Vær først til at tagge denne postø!
|
MARC
| LEADER | 00000cam a2200000 a 4500 | ||
|---|---|---|---|
| 001 | UCI0196 | ||
| 003 | CL-VaPUC | ||
| 008 | 070427e20050000CL |||||||||||||||||spa|d | ||
| 020 | |a 9567576262 | ||
| 082 | 0 | 4 | |a 230 |b ANA |2 21 |
| 245 | 1 | 0 | |a Anales: XV jornada: El Ministerio Petrino. XVI Jornada: El bicentenario |
| 250 | |a 1a. ed | ||
| 300 | |a 339 p | ||
| 942 | |c BK | ||
| 945 | |d 20070427 00:00:00 |a cmena | ||
| 260 | |a Santiago |b Sociedad Chilena de Teología |c 2005 | ||
| 650 | 0 | |a Teología cristiana |9 308336 | |
| 650 | 0 | |a Textos sagrados |9 257605 | |
| 650 | 0 | |a Encíclicas |9 255643 | |
| 650 | 0 | |a Documentos pontificios |9 255642 | |
| 650 | 0 | |a Historia de la iglesia |9 257565 | |
| 583 | |a last modification |c 20150708 10:54:31 |k Rodrigo Vera | ||
| 490 | 0 | |a Anales, 5 | |
| 999 | |c 325433 |d 325431 | ||
| 952 | |0 0 |1 0 |4 0 |6 230_000000000000000_ANA_2005 |7 0 |8 A |9 406329 |a BIBTEO |b BIBTEO |d 2019-11-22 |i 4333381 |o 230 ANA 2005 |p 4333381 |r 2025-01-17 |w 2019-11-22 |y BK |k ICR | ||
| 952 | |0 0 |1 0 |4 0 |6 230_000000000000000_ANA_2005 |7 0 |8 A |9 406330 |a BIBTEO |b BIBTEO |d 2019-11-22 |i 433339K |o 230 ANA 2005 |p 433339K |r 2025-01-17 |w 2019-11-22 |y BK |k ICR | ||
| 952 | |0 0 |1 0 |4 0 |6 230_000000000000000_ANA_2005 |7 0 |8 A |9 406331 |a BIBTEO |b BIBTEO |d 2019-11-22 |i 4333403 |o 230 ANA 2005 |p 4333403 |r 2025-01-17 |w 2019-11-22 |y BK |k ICR | ||
| 952 | |0 0 |1 0 |4 0 |6 230_000000000000000_ANA_2005 |7 0 |8 A |9 406332 |a BIBTEO |b BIBTEO |d 2019-11-22 |i 4333411 |o 230 ANA 2005 |p 4333411 |r 2025-01-17 |w 2019-11-22 |y BK |k ICR | ||
| 952 | |0 0 |1 0 |4 0 |6 230_000000000000000_ANA_2005 |7 0 |8 A |9 406333 |a BIBTEO |b BIBTEO |d 2019-11-22 |i 433342K |o 230 ANA 2005 |p 433342K |r 2025-01-17 |w 2019-11-22 |y BK |k ICR | ||
| 952 | |0 0 |1 0 |4 0 |6 230_000000000000000_ANA_2005 |7 0 |8 A |9 406334 |a BIBTEO |b BIBTEO |d 2019-11-22 |i 4333438 |o 230 ANA 2005 |p 4333438 |r 2025-01-17 |w 2019-11-22 |y BK |k ICR | ||
| 952 | |0 0 |1 0 |4 0 |6 230_000000000000000_ANA_2005 |7 0 |8 A |9 406335 |a BIBTEO |b BIBTEO |d 2019-11-22 |i 4333446 |o 230 ANA 2005 |p 4333446 |r 2025-01-17 |w 2019-11-22 |y BK |k ICR | ||
| 952 | |0 0 |1 0 |4 0 |6 230_000000000000000_ANA_2005 |7 0 |8 A |9 406336 |a BIBTEO |b BIBTEO |d 2019-11-22 |i 4333454 |o 230 ANA 2005 |p 4333454 |r 2025-01-17 |w 2019-11-22 |y BK |k ICR | ||
| 952 | |0 0 |1 0 |4 0 |6 230_000000000000000_ANA_2005 |7 0 |8 A |9 406337 |a BIBTEO |b BIBTEO |d 2019-11-22 |i 4333462 |o 230 ANA 2005 |p 4333462 |r 2025-01-17 |w 2019-11-22 |y BK |k ICR | ||
| 952 | |0 0 |1 0 |4 0 |6 230_000000000000000_ANA_2005 |7 0 |8 A |9 406338 |a BIBTEO |b BIBTEO |d 2019-11-22 |i 4333470 |o 230 ANA 2005 |p 4333470 |r 2025-01-17 |w 2019-11-22 |y BK |k ICR | ||
| 952 | |0 0 |1 0 |3 erb |4 0 |6 230_000000000000000_ANA_2005 |7 0 |8 A |9 406339 |a BIBTEO |b BIBTEO |e Casale Rolle, Carlos Ignacio, -2014 |i 5181534 |o 230 ANA 2005 |p 5181534 |r 2025-01-17 |w 2019-11-22 |y BK |z Catalogado en:20150710 |k ICR | ||
| 952 | |0 0 |1 0 |3 erb |4 0 |6 230_000000000000000_ANA_2005 |7 0 |8 A |9 406340 |a BIBTEO |b BIBTEO |i 5363055 |o 230 ANA 2005 |p 5363055 |r 2025-01-17 |w 2019-11-22 |y BK |z Catalogado en:20170303 |k ICR | ||